Čo vyžaduje súčasnosť a najmä budúcnosť od prípravy a výchovy manažérov?
V podmienkach trhovej ekonomiky sa od vedúcich pracovníkov vyžaduje profesionálne manažérske riadenie. Zmena štýlu riadiacej práce. Manažér - človek s predpokladmi pre riadiacu prácu, ktorý sa nutne musí ďalej vzdelávať. Zvyšovanie profesionalizácie riadiacej práce. Zvyšovanie významu strategického...
Saved in:
| Main Author: | |
|---|---|
| Format: | Book Chapter |
| Language: | Slovak |
| Subjects: | |
| Tags: |
No Tags, Be the first to tag this record!
|
MARC
| LEADER | 00000naa a2200000 4500 | ||
|---|---|---|---|
| 001 | r013180 | ||
| 005 | 20221213122713.8 | ||
| 041 | 0 | |a slo | |
| 044 | |a SK | ||
| 245 | 1 | 0 | |a Čo vyžaduje súčasnosť a najmä budúcnosť od prípravy a výchovy manažérov? |c A. Jassinger |
| 520 | |a V podmienkach trhovej ekonomiky sa od vedúcich pracovníkov vyžaduje profesionálne manažérske riadenie. Zmena štýlu riadiacej práce. Manažér - človek s predpokladmi pre riadiacu prácu, ktorý sa nutne musí ďalej vzdelávať. Zvyšovanie profesionalizácie riadiacej práce. Zvyšovanie významu strategického a koncepčného podnikateľského rozhodovania a riadenia. Informovanosť a predvídavosť manažérov. | ||
| 610 | 2 | 0 | |a práca riadiaca |
| 610 | 2 | 0 | |a manažéri |
| 610 | 2 | 0 | |a zvyšovanie kvalifikácie |
| 610 | 2 | 0 | |a pracovníci vedúci |
| 610 | 2 | 0 | |a príprava odborná |
| 610 | 2 | 0 | |a manažment |
| 100 | 1 | |a Jassinger, A. | |